|
|
|
|
| LEADER |
01793nam a2200529 i 4500 |
| 001 |
nkc20223416316 |
| 003 |
CZ PrNK |
| 005 |
20220530073720.0 |
| 007 |
ta |
| 008 |
220411s2022 xr a f 000 0 cze |
| 015 |
|
|
|a cnb003416316
|
| 020 |
|
|
|a 978-80-271-3277-5
|q (brožováno) :
|c Kč 289,00
|
| 035 |
|
|
|a (OCoLC)1329408268
|
| 040 |
|
|
|a OLA001
|b cze
|d ABA001
|e rda
|
| 041 |
0 |
|
|a cze
|b cze
|b eng
|
| 072 |
|
7 |
|a 658
|x Řízení a správa podniku
|2 Konspekt
|9 4
|
| 080 |
|
|
|a 658
|2 MRF
|
| 080 |
|
|
|a 005:330.133.1
|2 MRF
|
| 080 |
|
|
|a 004.8.032.26
|2 MRF
|
| 080 |
|
|
|a (048.8)
|2 MRF
|
| 100 |
1 |
|
|a Horák, Jakub,
|d 1992-
|7 ola20221148500
|4 aut
|
| 245 |
1 |
0 |
|a Umělé neuronové sítě v řízení hodnoty podniku /
|c Jakub Horák
|
| 250 |
|
|
|a První vydání
|
| 264 |
|
1 |
|a Praha :
|b Grada Publishing,
|c 2022
|
| 300 |
|
|
|a 173 stran :
|b ilustrace ;
|c 24 cm
|
| 336 |
|
|
|a text
|b txt
|2 rdacontent
|
| 337 |
|
|
|a bez média
|b n
|2 rdamedia
|
| 338 |
|
|
|a svazek
|b nc
|2 rdacarrier
|
| 490 |
1 |
|
|a Finance
|
| 490 |
1 |
|
|a Finanční řízení
|
| 504 |
|
|
|a Obsahuje bibliografii
|
| 546 |
|
|
|a České a anglické resumé
|
| 650 |
0 |
7 |
|a podnikový management
|7 ph115763
|2 czenas
|
| 650 |
0 |
7 |
|a hodnotový management
|7 ph171125
|2 czenas
|
| 650 |
0 |
7 |
|a neuronové sítě (počítačová věda)
|7 ph115443
|2 czenas
|
| 650 |
0 |
9 |
|a industrial management
|2 eczenas
|
| 650 |
0 |
9 |
|a value management
|2 eczenas
|
| 650 |
0 |
9 |
|a neural networks (computer science)
|2 eczenas
|
| 655 |
|
7 |
|a monografie
|7 fd132842
|2 czenas
|
| 655 |
|
9 |
|a monographs
|2 eczenas
|
| 830 |
|
0 |
|a Finance (Grada)
|0 s
|
| 830 |
|
0 |
|a Finanční řízení
|0 s
|
| 910 |
2 |
|
|a BOA001
|b 2-1486.093
|
| 990 |
|
|
|a BK
|
| 995 |
|
|
|a 01
|
| 991 |
|
|
|b 202205
|c NOV
|
| 996 |
6 |
|
|b 2610901077
|c 2-1486.093
|l MZK
|r Sklad / do 1 hodiny
|n 1
|p p.v.
|w 001884844
|u 000010
|a 1
|e BOA001
|j MZK50
|s P
|